| 000 | 01230cam a22003014a 4500 | ||
|---|---|---|---|
| 005 | 20160816085911.0 | ||
| 008 | 160816s2006 xxuak frb 001 0 eng d | ||
| 010 | _a2005036250 | ||
| 020 | _a1579221920 | ||
| 020 | _a1579221939 | ||
| 020 | _a9781579221935 | ||
| 035 | _a(OCoLC)ocm62728514 | ||
| 040 |
_aCO-BoUCM _bspa _cSandra Palacio _dSandra Palacio |
||
| 041 | 0 | _aeng | |
| 100 | 1 |
_aBerk, Ronald A. _978690 |
|
| 245 | 1 | 0 |
_aThirteen strategies to measure college teaching _ba consumer's guide to rating scale construction, assessment, and decision making for faculty, administrators, and clinicians _cRonald A. Berk ; con un prólogo de Mike Theell |
| 260 |
_aSterling (Virginia, Estados Unidos) _bStylus _c2006 |
||
| 300 |
_axxii, 293 páginas _bilustraciones, formularios |
||
| 490 | 0 | _aEducación. Educación superior | |
| 504 | _aIncluye referencias bibliográficas e índices | ||
| 650 | 7 |
_aEducación superior _xEnseñanaza _9177 |
|
| 650 | 7 |
_aProfesores universitarios _922476 |
|
| 650 | 7 |
_aEfectividad del docente _972405 |
|
| 690 |
_aEducación superior _9177 |
||
| 700 |
_aTheell, Mike _eprólogo _978691 |
||
| 942 |
_2DEWEY _cLIBRO _a10 _e1 _h378.1 _mB512ts |
||
| 999 |
_c303881 _d303881 |
||